[Event "Wch U14"]
[Site "Porto Carras"]
[Date "2018.10.29"]
[Round "10.30"]
[White "Horobrijs, Daniils"]
[Black "Czopor, Maciej"]
[Result "0-1"]
[WhiteElo "1918"]
[BlackElo "2219"]
[PlyCount "76"]
[EventDate "2018.10.20"]
[EventType "swiss"]
[EventRounds "11"]
[EventCountry "GRE"]
[SourceTitle "CBM 187 Extra"]
[Source "ChessBase"]
[SourceDate "2018.11.04"]
[SourceVersion "1"]
[SourceVersionDate "2018.11.04"]
[SourceQuality "1"]

1. e4 c5 2. Nf3 e6 3. d4 cxd4 4. Nxd4 Nf6 5. Nc3 d6 6. Be3 a6 7. f3 b5 8. Qd2 b4 9. Na4 Nbd7 10. 0-0-0 Bb7 11. Qxb4 Rb8 12. Qe1 Be7 13. g4 Ne5 14. g5 Nfd7 15. f4 Bxe4 16. fxe5 Bxh1 17. exd6 Bxg5 18. Bxa6 0-0 19. Kb1 Bxe3 20. Qxe3 Qa5 21. Qd3 Qxa4 22. Bb5 Rxb5 23. Qxb5 Qxb5 24. Nxb5 Bb7 25. Nc7 e5 26. c4 f5 27. b4 f4 28. Kc1 f3 29. Rf1 Rf4 30. Kd2 Rxc4 31. Ne6 Rxb4 32. Ke3 Re4+ 33. Kf2 Re2+ 34. Kg3 Rg2+ 35. Kh3 Be4 36. Nc7 Bf5+ 37. Kh4 Rg4+ 38. Kh5 Nf6# 0-1

[Event "EU-ch U14 27th"]
[Site "Mamaia"]
[Date "2017.09.14"]
[Round "9"]
[White "Gheorghiu, Alexandru Dan"]
[Black "Horobrijs, Daniils"]
[Result "0-1"]
[WhiteElo "1679"]
[BlackElo "1933"]
[PlyCount "98"]
[EventDate "2017.09.05"]
[EventType "swiss"]
[EventRounds "9"]
[EventCountry "ROU"]
[SourceTitle "EXT 2018"]
[Source "ChessBase"]
[SourceDate "2017.10.13"]
[SourceVersion "1"]
[SourceVersionDate "2017.10.13"]
[SourceQuality "1"]

1. e4 c5 2. c3 Nf6 3. e5 Nd5 4. d4 cxd4 5. Nf3 Nc6 6. cxd4 d6 7. Bc4 Nb6 8. Bb5 dxe5 9. Nxe5 Bd7 10. Nxd7 Qxd7 11. Be3 e6 12. 0-0 Be7 13. Nc3 0-0 14. Qd2 Rfd8 15. Rad1 Rac8 16. Rfe1 a6 17. Be2 Bf6 18. Ne4 Bxd4 19. Bf3 Qe7 20. Qe2 Bxe3 21. Qxe3 Nd5 22. Qb3 Ne5 23. Ng3 Nxf3+ 24. Qxf3 Qb4 25. Rb1 h6 26. h3 Rc2 27. Re4 Qb6 28. Rg4 Rxb2 29. Rf1 Rb4 30. Nh5 Rxg4 31. hxg4 Qb2 32. Qe4 g6 33. Nf4 Nxf4 34. Qxf4 Qxa2 35. Qxh6 b5 36. Qh4 Qd5 37. Ra1 Ra8 38. Qe7 a5 39. Rc1 b4 40. Rc7 Rf8 41. Rc5 Qd1+ 42. Kh2 b3 43. Rb5 a4 44. Qf6 Qd3 45. Rb7 a3 46. Qa1 b2 47. Qa2 Qd6+ 48. Kh3 Kg7 49. g5 Qf4 0-1

[Event "LAT-ch"]
[Site "Riga"]
[Date "2017.05.03"]
[Round "5"]
[White "Avotins, Maigonis"]
[Black "Horobrijs, Daniils"]
[Result "1-0"]
[WhiteElo "1972"]
[BlackElo "1826"]
[PlyCount "85"]
[EventDate "2017.04.30"]
[EventType "swiss"]
[EventRounds "9"]
[EventCountry "LAT"]
[SourceTitle "CBM 178 Extra"]
[Source "ChessBase"]
[SourceDate "2017.06.22"]
[SourceVersion "1"]
[SourceVersionDate "2017.06.22"]
[SourceQuality "1"]

1. e4 c5 2. Nf3 d6 3. d4 cxd4 4. Nxd4 Nf6 5. Nc3 a6 6. f3 e5 7. Nb3 Be7 8. Be3 h5 9. Qd2 Be6 10. Nd5 Nxd5 11. exd5 Bf5 12. Bd3 Bxd3 13. Qxd3 0-0 14. g4 Bh4+ 15. Kd2 hxg4 16. fxg4 Nd7 17. Raf1 Rc8 18. Kc1 Nb6 19. Kb1 Nc4 20. Bc1 Bg5 21. Rf5 Bxc1 22. Rxc1 g6 23. Rf3 Qg5 24. Rcf1 a5 25. R1f2 e4 26. Qxe4 a4 27. Nc1 Nd2+ 28. Rxd2 Qxd2 29. Qxa4 Qxd5 30. Qf4 Qc4 31. Qd2 Qxg4 32. Rg3 Qf5 33. h4 Rc6 34. Nd3 Qf1+ 35. Nc1 Qf5 36. Nd3 Re8 37. Rg1 Rec8 38. c3 Rc5 39. Kc2 Rd5 40. Re1 Re5 41. Rg1 Rce8 42. Rg2 Re3 43. h5 1-0

[Event "EU-ch U12 26th"]
[Site "Prague"]
[Date "2016.08.26"]
[Round "8"]
[White "Budisavljevic, Luka"]
[Black "Horobrijs, Daniils"]
[Result "1/2-1/2"]
[WhiteElo "1993"]
[BlackElo "1829"]
[PlyCount "128"]
[EventDate "2016.08.18"]
[EventType "swiss"]
[EventRounds "9"]
[EventCountry "CZE"]
[SourceTitle "CBM 174 Extra"]
[Source "ChessBase"]
[SourceDate "2016.10.10"]
[SourceVersion "1"]
[SourceVersionDate "2016.10.10"]
[SourceQuality "1"]

1. d4 Nf6 2. Nf3 c5 3. d5 g6 4. Nc3 Bg7 5. e4 d6 6. Be2 0-0 7. 0-0 a6 8. a4 Qc7 9. h3 Nbd7 10. Bf4 Rb8 11. Nd2 h6 12. a5 b5 13. axb6 Rxb6 14. Nc4 Rb4 15. Na2 Rb8 16. Qd3 Nh7 17. Nc3 Nb6 18. Na5 c4 19. Qd2 Bd7 20. Be3 Bxc3 21. bxc3 Bb5 22. Bxh6 Rfc8 23. Qd4 Nf6 24. Rfc1 Nbd7 25. Bg4 Kh7 26. Be3 Nxg4 27. hxg4 Nb6 28. f3 Na4 29. Kf2 f6 30. Nc6 Bxc6 31. dxc6 Qxc6 32. Rh1+ Kg7 33. Bh6+ Kf7 34. Bd2 Rh8 35. g5 Rxh1 36. Rxh1 Qc5 37. Rh7+ Ke6 38. gxf6 exf6 39. Rg7 Rb2 40. Rxg6 Qxd4+ 41. cxd4 Kf7 42. Rh6 Rxc2 43. Ke1 c3 44. Bf4 Nb2 45. Rh7+ Kg6 46. Rc7 Nd3+ 47. Kd1 Rxg2 48. Be3 Nb2+ 49. Kc1 Nd3+ 50. Kd1 c2+ 51. Rxc2 Rxc2 52. Kxc2 Ne1+ 53. Kc3 Nxf3 54. Bf4 Ng5 55. Kd3 Nf7 56. Kc4 Kh5 57. Kd5 a5 58. Bxd6 Nxd6 59. Kxd6 a4 60. e5 fxe5 61. dxe5 a3 62. e6 a2 63. e7 a1Q 64. e8Q+ Kg4 1/2-1/2

[Event "EU-ch U12 26th"]
[Site "Prague"]
[Date "2016.08.22"]
[Round "5"]
[White "Horobrijs, Daniils"]
[Black "Subelj, Jan"]
[Result "0-1"]
[WhiteElo "1829"]
[BlackElo "2088"]
[PlyCount "68"]
[EventDate "2016.08.18"]
[EventType "swiss"]
[EventRounds "9"]
[EventCountry "CZE"]
[SourceTitle "CBM 174 Extra"]
[Source "ChessBase"]
[SourceDate "2016.10.10"]
[SourceVersion "1"]
[SourceVersionDate "2016.10.10"]
[SourceQuality "1"]

1. e4 e5 2. Nf3 Nc6 3. Bb5 a6 4. Ba4 Nf6 5. 0-0 Be7 6. Re1 b5 7. Bb3 d6 8. a4 Bd7 9. c3 0-0 10. d4 Bg4 11. Be3 exd4 12. cxd4 Na5 13. Bc2 Nc4 14. b3 Nxe3 15. Rxe3 Nd7 16. Qd3 g6 17. Nc3 c6 18. h3 Bxf3 19. Rxf3 b4 20. Ne2 c5 21. Rg3 Bh4 22. Rg4 cxd4 23. f4 h5 24. Rxh4 Qxh4 25. Rf1 Rac8 26. Bb1 Nc5 27. Qxd4 Nxb3 28. Qxb4 Rb8 29. Qxd6 Rfd8 30. Qc7 Nd2 31. Ba2 Qf6 32. e5 Qb6+ 33. Qxb6 Rxb6 34. Rd1 Nf3+ 0-1

[Event "EU-ch U12 25th"]
[Site "Porec"]
[Date "2015.09.30"]
[Round "9"]
[White "Aalto, Patrik"]
[Black "Horobrijs, Daniils"]
[Result "0-1"]
[WhiteElo "1574"]
[BlackElo "1791"]
[PlyCount "68"]
[EventDate "2015.09.21"]
[EventType "swiss"]
[EventRounds "9"]
[EventCountry "CRO"]
[SourceTitle "EXT 2016"]
[Source "ChessBase"]
[SourceDate "2015.10.08"]
[SourceVersion "1"]
[SourceVersionDate "2015.10.08"]
[SourceQuality "1"]

1. e4 c5 2. Nf3 Nc6 3. d4 cxd4 4. Nxd4 Nf6 5. Nc3 e5 6. Ndb5 d6 7. Nd5 Nxd5 8. exd5 Nb8 9. a4 Be7 10. Be3 a6 11. Na3 0-0 12. Nc4 Nd7 13. Be2 f5 14. a5 Qe8 15. 0-0 f4 16. Bb6 Qg6 17. Kh1 Qg5 18. Bc7 Rf6 19. Nd2 Rh6 20. Nf3 Qf6 21. Bd3 Nc5 22. Re1 Nxd3 23. cxd3 Bf5 24. Qb3 Bg4 25. d4 exd4 26. Qxb7 Bxf3 27. Qxa8+ Bf8 28. Bd8 Bxg2+ 29. Kxg2 f3+ 30. Kh1 Qf4 31. h4 Rxh4+ 32. Bxh4 Qxh4+ 33. Kg1 Qg4+ 34. Kf1 Qg2# 0-1

[Event "EU-ch U12 25th"]
[Site "Porec"]
[Date "2015.09.23"]
[Round "3"]
[White "Horobrijs, Daniils"]
[Black "Koch Mueller, Oscar"]
[Result "1-0"]
[WhiteElo "1791"]
[BlackElo "1449"]
[PlyCount "47"]
[EventDate "2015.09.21"]
[EventType "swiss"]
[EventRounds "9"]
[EventCountry "CRO"]
[SourceTitle "EXT 2016"]
[Source "ChessBase"]
[SourceDate "2015.10.08"]
[SourceVersion "1"]
[SourceVersionDate "2015.10.08"]
[SourceQuality "1"]

1. e4 e5 2. Nf3 Nc6 3. d4 exd4 4. Nxd4 Bc5 5. Nxc6 bxc6 6. Bd3 Nf6 7. 0-0 0-0 8. Bg5 Be7 9. Bxf6 Bxf6 10. e5 Be7 11. Nc3 Bc5 12. Ne4 Bd4 13. Qh5 h6 14. c3 Bb6 15. Nf6+ Kh8 16. Qf5 g6 17. Qf4 Kg7 18. Ne4 Re8 19. Rfe1 Bb7 20. Nf6 d6 21. Nxe8+ Qxe8 22. Qf6+ Kh7 23. exd6 Qd7 24. Re7 1-0

[Event "EU-ch U12 25th"]
[Site "Porec"]
[Date "2015.09.22"]
[Round "2"]
[White "Kakuk, Tibor"]
[Black "Horobrijs, Daniils"]
[Result "1-0"]
[WhiteElo "1541"]
[BlackElo "1791"]
[PlyCount "69"]
[EventDate "2015.09.21"]
[EventType "swiss"]
[EventRounds "9"]
[EventCountry "CRO"]
[SourceTitle "EXT 2016"]
[Source "ChessBase"]
[SourceDate "2015.10.08"]
[SourceVersion "1"]
[SourceVersionDate "2015.10.08"]
[SourceQuality "1"]

1. e4 c5 2. Nf3 Nc6 3. d4 cxd4 4. Nxd4 Nf6 5. Nc3 e5 6. Ndb5 d6 7. Bg5 a6 8. Na3 b5 9. Bxf6 gxf6 10. Nd5 f5 11. exf5 Bxf5 12. c3 Bg7 13. Bd3 e4 14. Bc2 0-0 15. 0-0 Qg5 16. f4 Qg6 17. Qe2 Kh8 18. Kh1 Rae8 19. Ne3 h5 20. Rad1 Rg8 21. Nxf5 Qxf5 22. Rxd6 Qc5 23. Rfd1 Ne7 24. R1d5 Qxd6 25. Rxd6 Rgf8 26. h3 Ng6 27. Qxh5+ Kg8 28. Bb3 e3 29. Rxg6 e2 30. Rxg7+ Kxg7 31. Nc2 Re3 32. Qg5+ Kh7 33. Qh4+ Kg7 34. Nxe3 Rh8 35. Qg4+ 1-0

[Event "EU-ch U12 25th"]
[Site "Porec"]
[Date "2015.09.21"]
[Round "1"]
[White "Horobrijs, Daniils"]
[Black "Teclaf, Pawel"]
[Result "0-1"]
[WhiteElo "1791"]
[BlackElo "2200"]
[PlyCount "82"]
[EventDate "2015.09.21"]
[EventType "swiss"]
[EventRounds "9"]
[EventCountry "CRO"]
[SourceTitle "EXT 2016"]
[Source "ChessBase"]
[SourceDate "2015.10.08"]
[SourceVersion "1"]
[SourceVersionDate "2015.10.08"]
[SourceQuality "1"]

1. e4 c5 2. Nf3 d6 3. d4 cxd4 4. Nxd4 Nf6 5. Nc3 a6 6. Be2 e6 7. 0-0 Be7 8. Be3 0-0 9. Kh1 Nc6 10. f4 Qc7 11. a4 Re8 12. Nb3 b6 13. Bf3 Bb7 14. Qe2 Nd7 15. Qf2 Nc5 16. Nxc5 dxc5 17. Rad1 Rad8 18. f5 Bf6 19. fxe6 fxe6 20. Bh5 Rxd1 21. Rxd1 Rf8 22. Bg4 Bc8 23. Qe2 Bd4 24. Bxd4 Nxd4 25. Qc4 Qe5 26. Rf1 Rxf1+ 27. Qxf1 Nxc2 28. Qd3 Nd4 29. Qc4 Bb7 30. Qd3 h5 31. Bh3 b5 32. axb5 axb5 33. Nd1 Bxe4 34. Qe3 Nf5 35. Bxf5 exf5 36. Qe2 Qe8 37. Qe3 c4 38. Kg1 Qe5 39. Qc3 Qd6 40. Nf2 Bc6 41. b3 Qd5 0-1

[Event "EU Union-ch U10"]
[Site "Kouty nad Desnou"]
[Date "2014.08.31"]
[Round "5"]
[White "Horobrijs, Daniils"]
[Black "Plugaru, Rares"]
[Result "1-0"]
[WhiteElo "1548"]
[BlackElo "1619"]
[PlyCount "97"]
[EventDate "2014.08.27"]
[EventType "swiss"]
[EventRounds "9"]
[EventCountry "CZE"]
[SourceTitle "CBM 162 Extra"]
[Source "ChessBase"]
[SourceDate "2014.10.17"]
[SourceVersion "1"]
[SourceVersionDate "2014.10.17"]
[SourceQuality "1"]

1. e4 e5 2. Nf3 Nc6 3. d4 exd4 4. Nxd4 Bc5 5. Nb3 Bb6 6. a4 a6 7. Be2 Nf6 8. a5 Ba7 9. Nc3 0-0 10. 0-0 h6 11. Bf4 d6 12. Qd2 Re8 13. Bd3 Be6 14. Rfe1 Bxb3 15. cxb3 Nd4 16. Bc4 Ng4 17. Be3 Nxe3 18. Rxe3 Qg5 19. Qd3 Nc6 20. Rg3 Ne5 21. Bxf7+ Kf8 22. Qe2 Nxf7 23. Rxg5 Nxg5 24. h4 Ne6 25. Nd5 c6 26. Qf3+ Kg8 27. Nb6 Bxb6 28. axb6 Nc5 29. Re1 d5 30. e5 Ne4 31. Qf5 Re7 32. f3 Nd6 33. Qc2 Rae8 34. Qc5 Nf7 35. f4 g5 36. hxg5 hxg5 37. g3 gxf4 38. gxf4 Re6 39. Kf2 Nh6 40. Rg1+ Kf7 41. Rg5 Rg8 42. Rxg8 Kxg8 43. Kf3 Kf7 44. Qc2 Kg7 45. Qg2+ Rg6 46. Qh3 Rg4 47. e6 Kf6 48. Qxh6+ Rg6 49. Qf8+ 1-0